[Event "Just Another Plain Tournament # 9"]
[Site "SchemingMind.com"]
[Date "2009.01.26"]
[Round "-"]
[White "Norsland"]
[Black "svishyn"]
[Result "1-0"]
[WhiteCountry "USA"]
[BlackCountry "IND"]
[WhiteElo "1901"]
[WhiteRD "84"]
[BlackElo "1433"]
[BlackRD "207"]
[GameID "189105"]

1. Nc3 d5 2. e4 d4 3. Nce2 e5 4. Nf3 Nc6 5. a3 Nf6 6. d3 h6 7. Ng3 Bd6 8. Be2 Bg4 9. Nd2 Qd7 10. O-O O-O-O
11. Nc4 g5 12. h3 Be6 13. b4 h5 14. Bxg5 Be7 15. Bxf6 Bxf6 16. Bxh5 Bh4 17. Nf5 Bf6 18. b5 Ne7 19. Nxe7+ Bxe7 20. Nxe5 Qxb5
21. f4 f6 22. Bg4 f5 23. exf5 Bd5 24. f6+
1-0

[Event "Just Another Plain Tournament # 9"]
[Site "SchemingMind.com"]
[Date "2009.01.26"]
[Round "-"]
[White "svishyn"]
[Black "Norsland"]
[Result "0-1"]
[WhiteCountry "IND"]
[BlackCountry "USA"]
[WhiteElo "1433"]
[WhiteRD "207"]
[BlackElo "1901"]
[BlackRD "84"]
[GameID "189106"]

1. e4 c5 2. Nf3 d6 3. Bc4 Nf6 4. Nc3 e6 5. d4 cxd4 6. Nxd4 Be7 7. O-O a6 8. Be3 Qc7 9. Bb3 b5 10. a4 b4
11. Na2 Nc6 12. Nxc6 Qxc6 13. f3 a5 14. c3 Rb8 15. cxb4 axb4 16. Rc1 Qb7 17. Qe2 O-O 18. Rc2 Bd7 19. a5 Bb5 20. Bc4 b3
21. Bxb5 bxc2 22. Nc3 Rfc8 23. Rc1 Rxc3 24. bxc3 Qxb5 25. Qxc2 Qxa5
0-1

[Event "Just Another Plain Tournament # 9"]
[Site "SchemingMind.com"]
[Date "2009.01.27"]
[Round "-"]
[White "Girkassa"]
[Black "Norsland"]
[Result "1-0"]
[WhiteCountry "NOR"]
[BlackCountry "USA"]
[WhiteElo "2116"]
[WhiteRD "147"]
[BlackElo "1901"]
[BlackRD "84"]
[GameID "189428"]

1. d4 Nf6 2. c4 d5 3. cxd5 Qxd5 4. Nc3 Qd8 5. Nf3 Bf5 6. Bg5 Nd5 7. Qb3 Nxc3 8. bxc3 Be4 9. Nd2 Bc6 10. e4 h6
11. Bc4
1-0

[Event "Just Another Plain Tournament # 9"]
[Site "SchemingMind.com"]
[Date "2009.01.28"]
[Round "-"]
[White "Girkassa"]
[Black "svishyn"]
[Result "1-0"]
[WhiteCountry "NOR"]
[BlackCountry "IND"]
[WhiteElo "2116"]
[WhiteRD "147"]
[BlackElo "1433"]
[BlackRD "207"]
[GameID "189429"]

1. d4 d5 2. c4 Nf6 3. cxd5 Nxd5 4. Nf3 Nc6 5. e4 Nf6 6. Nc3 Bg4 7. d5 Ne5 8. Nxe5 Bxd1 9. Bb5+ c6 10. dxc6 a6
11. c7+ axb5 12. cxd8=Q+ Rxd8 13. Nxd1 e6 14. Bg5 Be7 15. f3
1-0

[Event "Just Another Plain Tournament # 9"]
[Site "SchemingMind.com"]
[Date "2009.01.28"]
[Round "-"]
[White "Norsland"]
[Black "Girkassa"]
[Result "0-1"]
[WhiteCountry "USA"]
[BlackCountry "NOR"]
[WhiteElo "1901"]
[WhiteRD "84"]
[BlackElo "2116"]
[BlackRD "147"]
[GameID "189430"]

1. Nc3 e5 2. Nf3 Nc6 3. d4 exd4 4. Nxd4 Nf6 5. Bg5 Bb4 6. Qd2 h6 7. Bh4 g5 8. Bg3 Ne4 9. Qe3 Qe7 10. Nf5 Nxc3
0-1

[Event "Just Another Plain Tournament # 9"]
[Site "SchemingMind.com"]
[Date "2009.01.28"]
[Round "-"]
[White "svishyn"]
[Black "Girkassa"]
[Result "0-1"]
[WhiteCountry "IND"]
[BlackCountry "NOR"]
[WhiteElo "1433"]
[WhiteRD "207"]
[BlackElo "2116"]
[BlackRD "147"]
[GameID "189431"]

1. e4 e5 2. Nf3 Nc6 3. Bb5 a6 4. Ba4 Nf6 5. Nc3 b5 6. Bb3 Be7 7. O-O d6 8. d4 Nxd4 9. Nxd4 exd4 10. Nd5 c5
11. Qf3 c4 12. Nxf6+ gxf6 13. e5 Be6 14. exd6 Bxd6
0-1

[Event "Just Another Plain Tournament # 9"]
[Site "SchemingMind.com"]
[Date "2009.02.01"]
[Round "-"]
[White "agentofchaos"]
[Black "Norsland"]
[Result "0-1"]
[WhiteCountry "AUS"]
[BlackCountry "USA"]
[WhiteElo "1267"]
[WhiteRD "123"]
[BlackElo "1914"]
[BlackRD "74"]
[GameID "189938"]

1. d4 Nf6 2. c4 c5 3. d5 b5 4. cxb5 a6 5. a4 axb5 6. Nc3 b4 7. Nb5 Bb7 8. Nf3 d6 9. Bg5 Nxd5 10. e4 Nf6
11. e5 h6 12. Bxf6 exf6 13. b3 fxe5 14. Bc4 Be7 15. O-O e4 16. Nd2 d5 17. Be2 Nc6 18. Bg4 Ne5 19. Re1 O-O 20. Bh3 f5
21. Qh5 Bg5 22. Red1 Ra6 23. Rf1 Nf3+ 24. gxf3 g6 25. Qxg5 Qxg5+ 26. Kh1 Qxd2 27. Rad1 Qf4
0-1

[Event "Just Another Plain Tournament # 9"]
[Site "SchemingMind.com"]
[Date "2009.02.01"]
[Round "-"]
[White "agentofchaos"]
[Black "Girkassa"]
[Result "0-1"]
[WhiteCountry "AUS"]
[BlackCountry "NOR"]
[WhiteElo "1267"]
[WhiteRD "123"]
[BlackElo "2205"]
[BlackRD "117"]
[GameID "189939"]

1. e4 e5 2. Nf3 Nc6 3. Bb5 a6 4. Ba4 Nf6 5. O-O Be7 6. Re1 b5 7. Bb3 d6 8. d4 Nxd4 9. Nxd4 exd4 10. Qxd4 c5
11. Qd1 c4 12. Bxc4 bxc4 13. Qd4 Be6 14. Nc3 O-O 15. Bf4 Qd7 16. h3 Rfd8 17. Rad1 Qb7 18. b3 cxb3 19. cxb3 d5 20. exd5 Nxd5
21. Bg3 Nxc3 22. Qxc3 Bb4
0-1

[Event "Just Another Plain Tournament # 9"]
[Site "SchemingMind.com"]
[Date "2009.02.01"]
[Round "-"]
[White "agentofchaos"]
[Black "svishyn"]
[Result "1-0"]
[WhiteCountry "AUS"]
[BlackCountry "IND"]
[WhiteElo "1381"]
[WhiteRD "110"]
[BlackElo "1446"]
[BlackRD "133"]
[GameID "189940"]

1. e4 e5 2. Nf3 d6 3. d4 Nc6 4. dxe5 dxe5 5. Bb5 Bd7 6. O-O Nf6 7. Re1 a6 8. Bc4 Bc5 9. h3 Qe7 10. Ng5 O-O
11. a3 b5 12. Ba2 h6 13. Nf3 Nd4 14. Nc3 a5 15. Qd3 b4 16. Nxd4 Bxd4 17. Ne2 c5 18. Qg3 Nh5 19. Qd3 Kh8 20. Ng3
1-0

[Event "Just Another Plain Tournament # 9"]
[Site "SchemingMind.com"]
[Date "2009.02.03"]
[Round "-"]
[White "Norsland"]
[Black "agentofchaos"]
[Result "1-0"]
[WhiteCountry "USA"]
[BlackCountry "AUS"]
[WhiteElo "1914"]
[WhiteRD "74"]
[BlackElo "1267"]
[BlackRD "123"]
[GameID "189942"]

1. Nc3 e5 2. Nf3 Nc6 3. d4 exd4 4. Nxd4 Nxd4 5. Qxd4 h6 6. Nb5 Nf6 7. Qe5+ Be7 8. Nxc7+ Kf8 9. Nxa8 d6 10. Qd4 b6
11. Bf4 Bb7 12. O-O-O Bxa8 13. Bxd6 Ne8 14. Bxe7+ Qxe7 15. f3 Nf6 16. Qd8+ Qe8 17. e4 Bc6 18. Bc4 Nd7 19. Qxe8+ Kxe8 20. Rd6 Ne5
21. Bb3 Bd7 22. f4 Ng4 23. Bxf7+ Kxf7 24. Rxd7+ Ke8 25. Rxa7 Nf2 26. Rf1 Nxe4 27. Re1
1-0

[Event "Just Another Plain Tournament # 9"]
[Site "SchemingMind.com"]
[Date "2009.02.03"]
[Round "-"]
[White "Girkassa"]
[Black "agentofchaos"]
[Result "1-0"]
[WhiteCountry "NOR"]
[BlackCountry "AUS"]
[WhiteElo "2205"]
[WhiteRD "117"]
[BlackElo "1267"]
[BlackRD "123"]
[GameID "189943"]

1. Nf3 d5 2. c4 dxc4 3. Na3 c5 4. Nxc4 Nc6 5. g3 Nf6 6. Bg2 Bg4 7. Nfe5 Nxe5 8. Nxe5 Rb8 9. Nxg4 Nxg4 10. Qa4+ Qd7
11. Qxa7 Qc7 12. Qa4+ Kd8 13. Qxg4 e5 14. d3 g6 15. O-O Bg7 16. Be3 Ke7 17. Rfc1 b6 18. b4 Rhc8 19. Qh4+ Bf6 20. Bg5 Qd6
21. Rc4 h5 22. f4 Bxg5 23. Qxg5+ Ke8 24. fxe5 Qe6 25. b5 Qe7 26. Bc6+ Kf8 27. Qh6+ Kg8 28. Rf1 Qxe5 29. Rxf7 Kxf7 30. Qh7+ Kf6
31. Rf4+
1-0

[Event "Just Another Plain Tournament # 9"]
[Site "SchemingMind.com"]
[Date "2009.02.01"]
[Round "-"]
[White "svishyn"]
[Black "agentofchaos"]
[Result "0-1"]
[WhiteCountry "IND"]
[BlackCountry "AUS"]
[WhiteElo "1446"]
[WhiteRD "133"]
[BlackElo "1381"]
[BlackRD "110"]
[GameID "189944"]

1. Nf3 d5 2. d4 Nf6 3. Nc3 g6 4. Bg5 Bg7 5. Qd2 Bg4 6. h3 Bxf3 7. exf3 O-O 8. O-O-O Nbd7 9. Bf4 Re8 10. g4 Nb6
11. h4 a6 12. g5 Nh5 13. Be3 e5 14. dxe5 Bxe5 15. Bxb6 cxb6 16. Nxd5 Nf4 17. Nxf4 Qxd2+ 18. Rxd2 Bxf4 19. Bh3 Bxd2+ 20. Kxd2 Rad8+
0-1

[Event "Just Another Plain Tournament # 9"]
[Site "SchemingMind.com"]
[Date "2009.02.02"]
[Round "-"]
[White "William Anthony"]
[Black "Norsland"]
[Result "0-1"]
[WhiteCountry "USA"]
[BlackCountry "USA"]
[WhiteElo "1440"]
[WhiteRD "89"]
[BlackElo "1929"]
[BlackRD "76"]
[GameID "190028"]

1. d4 Nf6 2. c4 c5 3. d5 b5 4. cxb5 a6 5. Nc3 axb5 6. Nxb5 d6 7. Qd3 g6 8. g3 Ba6 9. e4 Nbd7 10. a4 Bg7
11. Rb1 O-O 12. Bg5 Qa5+ 13. b4 cxb4 14. Qd4 h6 15. Bd2 Nc5 16. Qxb4 Qxb4 17. Rxb4 Nfxe4
0-1

[Event "Just Another Plain Tournament # 9"]
[Site "SchemingMind.com"]
[Date "2009.02.03"]
[Round "-"]
[White "William Anthony"]
[Black "agentofchaos"]
[Result "0-1"]
[WhiteCountry "USA"]
[BlackCountry "AUS"]
[WhiteElo "1394"]
[WhiteRD "90"]
[BlackElo "1431"]
[BlackRD "94"]
[GameID "190029"]

1. d4 d5 2. c4 c6 3. Nf3 Nf6 4. Nc3 dxc4 5. e4 b5 6. e5 Nd5 7. g3 Nxc3 8. bxc3 Bf5 9. Nh4 Qd7 10. Nxf5 Qxf5
0-1

[Event "Just Another Plain Tournament # 9"]
[Site "SchemingMind.com"]
[Date "2009.02.02"]
[Round "-"]
[White "William Anthony"]
[Black "Girkassa"]
[Result "0-1"]
[WhiteCountry "USA"]
[BlackCountry "NOR"]
[WhiteElo "1440"]
[WhiteRD "89"]
[BlackElo "2239"]
[BlackRD "113"]
[GameID "190030"]

1. d4 Nf6 2. c4 e6 3. Nc3 Bb4 4. e3 b6 5. Ne2 Ne4 6. f3 Nxc3 7. bxc3 Be7 8. Ng3 Nc6 9. Nh5 g6 10. Ng3 d6
11. Bd3 Qd7 12. O-O Ba6 13. e4 Na5 14. Qe2 Qa4 15. c5 Bxd3 16. Qxd3 dxc5
0-1

[Event "Just Another Plain Tournament # 9"]
[Site "SchemingMind.com"]
[Date "2009.02.02"]
[Round "-"]
[White "William Anthony"]
[Black "svishyn"]
[Result "0-1"]
[WhiteCountry "USA"]
[BlackCountry "IND"]
[WhiteElo "1440"]
[WhiteRD "89"]
[BlackElo "1446"]
[BlackRD "133"]
[GameID "190031"]

1. d4 d5 2. c4 dxc4 3. Nc3 Bd7 4. e4 Nc6 5. Bxc4 e5 6. Nf3 Bg4 7. dxe5 Nxe5 8. Qxd8+ Rxd8 9. Nxe5 Bh5 10. g4 Bg6
11. Bf4 Bb4 12. Nxg6 hxg6
0-1

[Event "Just Another Plain Tournament # 9"]
[Site "SchemingMind.com"]
[Date "2009.02.02"]
[Round "-"]
[White "Norsland"]
[Black "William Anthony"]
[Result "1-0"]
[WhiteCountry "USA"]
[BlackCountry "USA"]
[WhiteElo "1929"]
[WhiteRD "76"]
[BlackElo "1440"]
[BlackRD "89"]
[GameID "190033"]

1. Nc3 d5 2. e4 Nf6 3. exd5 Nxd5 4. Bc4 c6 5. Qf3 e6 6. a3 Nd7 7. d4 N7f6 8. Bg5 b5 9. Bxf6 Qxf6 10. Bxd5 exd5
11. Qxf6 gxf6 12. Nf3 b4 13. axb4 Bxb4 14. Kd2 O-O 15. Ra4 a5 16. Rha1 Rb8 17. Ne1
1-0

[Event "Just Another Plain Tournament # 9"]
[Site "SchemingMind.com"]
[Date "2009.02.02"]
[Round "-"]
[White "Girkassa"]
[Black "William Anthony"]
[Result "1-0"]
[WhiteCountry "NOR"]
[BlackCountry "USA"]
[WhiteElo "2239"]
[WhiteRD "113"]
[BlackElo "1440"]
[BlackRD "89"]
[GameID "190035"]

1. d4 g6 2. c4 Nf6 3. Nc3 Bg7 4. e4 d6 5. Nf3 O-O 6. Be2 e5 7. O-O Nc6 8. d5 Ne7 9. Ne1 Nd7 10. Be3 f5
11. f3 f4 12. Bf2 g5 13. Rc1 Ng6 14. c5 Nxc5 15. b4 Na6 16. Nd3 h5 17. Nb5 b6 18. Rc4
1-0

[Event "Just Another Plain Tournament # 9"]
[Site "SchemingMind.com"]
[Date "2009.02.02"]
[Round "-"]
[White "svishyn"]
[Black "William Anthony"]
[Result "1-0"]
[WhiteCountry "IND"]
[BlackCountry "USA"]
[WhiteElo "1446"]
[WhiteRD "133"]
[BlackElo "1440"]
[BlackRD "89"]
[GameID "190036"]

1. c4 Nf6 2. d4 g6 3. Nc3 Bg7 4. Nf3 O-O 5. e4 d6 6. Bd3 c5 7. d5 Bg4 8. O-O Nbd7 9. h3 Bxf3 10. Qxf3 Ne5
11. Qe2 e6 12. f4 Nxd3 13. Qxd3
1-0

[Event "Just Another Plain Tournament # 9"]
[Site "SchemingMind.com"]
[Date "2009.02.03"]
[Round "-"]
[White "palszab"]
[Black "Norsland"]
[Result "0-1"]
[WhiteCountry "HUN"]
[BlackCountry "USA"]
[WhiteElo "1894"]
[WhiteRD "144"]
[BlackElo "1901"]
[BlackRD "84"]
[GameID "190377"]

1. e4 c5 2. Nf3 d6 3. d4 cxd4 4. Nxd4 Nf6 5. Nc3 a6 6. Be2 e6 7. O-O Qc7 8. Kh1 b6 9. f4 Bb7 10. Bd3 Nc6
11. Be3 h5 12. a3 Rc8 13. Qe2 b5 14. Rad1 h4 15. f5 Nxd4 16. Bxd4 e5 17. Be3 Be7 18. Bg5 Nxe4 19. Bxe7 Ng3+ 20. hxg3 hxg3+
21. Kg1 Qc5+ 22. Rf2 gxf2+
0-1

[Event "Just Another Plain Tournament # 9"]
[Site "SchemingMind.com"]
[Date "2009.02.03"]
[Round "-"]
[White "palszab"]
[Black "agentofchaos"]
[Result "1-0"]
[WhiteCountry "HUN"]
[BlackCountry "AUS"]
[WhiteElo "1875"]
[WhiteRD "129"]
[BlackElo "1267"]
[BlackRD "123"]
[GameID "190378"]

1. e4 e5 2. Nf3 Nc6 3. Bb5 a6 4. Bxc6 dxc6 5. O-O f6 6. c3 Bc5 7. d4 exd4 8. cxd4 Bb6 9. Re1 Bg4 10. Be3 Ne7
11. h3 Bh5 12. Nbd2 Qd6 13. Qb3 O-O-O 14. Nc4 Qd7 15. Nxb6+ cxb6 16. Nd2 Qc7 17. a4 Rhf8 18. Nc4 Bf7 19. Nxb6+ Kb8 20. Qb4 Rfe8
21. g3 Nc8 22. Nxc8 Qxc8 23. Kh2 Rxe4 24. Bf4+ Re5 25. dxe5 fxe5 26. Bxe5+ Ka8 27. Qb6 Be6 28. Bd4 Qb8 29. Rxe6 Rd7 30. Rae1 Rd8
31. Re8 Rxe8 32. Rxe8 Qxe8 33. Qa7#
1-0

[Event "Just Another Plain Tournament # 9"]
[Site "SchemingMind.com"]
[Date "2009.02.04"]
[Round "-"]
[White "palszab"]
[Black "William Anthony"]
[Result "1-0"]
[WhiteCountry "HUN"]
[BlackCountry "USA"]
[WhiteElo "1823"]
[WhiteRD "112"]
[BlackElo "1440"]
[BlackRD "89"]
[GameID "190379"]

1. e4 Nf6 2. e5 Nd5 3. d4 d6 4. c4 Nb6 5. exd6 cxd6 6. h3 g6 7. Nf3 Bg7 8. Be2 O-O 9. O-O e5 10. Bg5 Qc7
11. dxe5 dxe5 12. Nbd2 Bf5 13. Nh4 N8d7 14. Nxf5 gxf5 15. Rc1 f6 16. Be3 f4 17. Bxb6 Nxb6 18. Qb3 Rad8 19. Ne4 Qf7 20. Rfd1 Qe6
21. c5 Qxb3 22. axb3 Nc8 23. Bc4+
1-0

[Event "Just Another Plain Tournament # 9"]
[Site "SchemingMind.com"]
[Date "2009.02.02"]
[Round "-"]
[White "palszab"]
[Black "Girkassa"]
[Result "0-1"]
[WhiteCountry "HUN"]
[BlackCountry "NOR"]
[WhiteElo "1875"]
[WhiteRD "129"]
[BlackElo "2205"]
[BlackRD "117"]
[GameID "190380"]

1. e4 e5 2. Nf3 Nc6 3. Bb5 a6 4. Ba4 Nf6 5. O-O Be7 6. c3 Nxe4 7. Re1 Nc5 8. Bxc6 dxc6 9. Nxe5 O-O 10. d4 Ne6
11. Nd2 c5 12. Ndf3 cxd4 13. Nxd4 Nxd4 14. Qxd4 Qxd4 15. cxd4 Be6 16. Be3 Rfd8 17. Rec1 c6 18. Nc4 Bxc4 19. Rxc4 Rd5 20. g3 Bf6
21. Rb4 Rd7 22. h4 h5 23. a4 Re8 24. Kg2 Re4 25. Kf3 Rg4 26. Rd1 c5 27. Rc4 cxd4 28. b4 Be5 29. Rc5 f6 30. Ke2 Re7
31. Rc8+ Kf7 32. Bc1 Bxg3+ 33. Kf3 Bd6 34. Bb2 Rxh4 35. Bxd4 Rf4+ 36. Kg2 Bxb4 37. Be3 Rf5 38. Rb1 a5 39. Rd1 b5 40. axb5 Rxb5
41. Rb1 Rbb7 42. Kf3 Rbc7 43. Rh8 Re5 44. Kg2 Rc2 45. Kf3 Rc3 46. Kg2 Rf5 47. Ra8 Kg6 48. Ra7 Bc5 49. Rxa5 Bxe3 50. Rxf5 Kxf5
51. fxe3 Rxe3 52. Rb5+ Re5 53. Rb7 g5 54. Rh7 Kg4 55. Ra7 f5 56. Ra4+ f4 57. Ra3 Re2+ 58. Kf1 f3 59. Ra4+ Kg3 60. Ra5 g4
61. Rxh5 Ra2 62. Ke1 f2+ 63. Kf1 Ra1+ 64. Ke2 f1=Q+ 65. Ke3 Rd1 66. Ke4 Qf4#
0-1

[Event "Just Another Plain Tournament # 9"]
[Site "SchemingMind.com"]
[Date "2009.02.03"]
[Round "-"]
[White "palszab"]
[Black "svishyn"]
[Result "1-0"]
[WhiteCountry "HUN"]
[BlackCountry "IND"]
[WhiteElo "1875"]
[WhiteRD "129"]
[BlackElo "1535"]
[BlackRD "185"]
[GameID "190381"]

1. e4 e5 2. Nf3 Nc6 3. Bb5 Nf6 4. O-O Bc5 5. Bxc6 dxc6 6. Nxe5 O-O 7. c3 Nxe4 8. d4 Bd6 9. Nd2 Bxe5 10. Nxe4 Bd6
11. Qf3 f5 12. Nxd6 cxd6 13. Bf4 Qb6 14. Bxd6 Rf7 15. Ba3 Qc7 16. Rfe1 Bd7 17. Re7 Rxe7 18. Bxe7 Re8 19. Bg5 Re6 20. Bf4 Qd8
21. Be5 Rg6 22. Re1 Be6 23. b3 Bd5 24. Qxf5 Bxg2 25. Bg3 Bd5 26. c4 Rf6 27. Qg5 Qb6 28. cxd5 cxd5 29. Qxd5+ Kf8 30. Qc5+ Qxc5
31. dxc5
1-0

[Event "Just Another Plain Tournament # 9"]
[Site "SchemingMind.com"]
[Date "2009.02.03"]
[Round "-"]
[White "Norsland"]
[Black "palszab"]
[Result "0-1"]
[WhiteCountry "USA"]
[BlackCountry "HUN"]
[WhiteElo "1901"]
[WhiteRD "84"]
[BlackElo "1894"]
[BlackRD "144"]
[GameID "190383"]

1. Nc3 e5 2. Nf3 Nc6 3. d4 exd4 4. Nxd4 Bc5 5. Be3 Qf6 6. Ncb5 Bb6 7. Qd2 Nge7 8. Bg5 Qe5 9. Bf4 Qf6 10. c3 Nxd4
11. Nxd4 O-O 12. g4 Nd5 13. g5 Qxf4
0-1

[Event "Just Another Plain Tournament # 9"]
[Site "SchemingMind.com"]
[Date "2009.02.03"]
[Round "-"]
[White "agentofchaos"]
[Black "palszab"]
[Result "0-1"]
[WhiteCountry "AUS"]
[BlackCountry "HUN"]
[WhiteElo "1267"]
[WhiteRD "123"]
[BlackElo "1875"]
[BlackRD "129"]
[GameID "190384"]

1. e4 e5 2. Nf3 Nc6 3. Bb5 a6 4. Ba4 Nf6 5. O-O Be7 6. Re1 b5 7. Bb3 d6 8. c3 Na5 9. Bc2 c5 10. b4 Nc6
11. bxc5 dxc5 12. a4 Bb7 13. d3 h6 14. Be3 O-O 15. Nbd2 Qc7 16. h3 Rfd8 17. axb5 axb5 18. Nb3 c4 19. Nc5 Bxc5 20. Bxc5 Rxa1
21. Qxa1 cxd3 22. Bb3 Na5 23. Ba2 Qxc5 24. Rd1 Nxe4 25. Ne1 Nxf2 26. Rb1 d2 27. Kh2 dxe1=Q 28. Rxe1 Nd3 29. Rd1 Qf2 30. Rf1 Qxg2#
0-1

[Event "Just Another Plain Tournament # 9"]
[Site "SchemingMind.com"]
[Date "2009.02.04"]
[Round "-"]
[White "William Anthony"]
[Black "palszab"]
[Result "0-1"]
[WhiteCountry "USA"]
[BlackCountry "HUN"]
[WhiteElo "1462"]
[WhiteRD "87"]
[BlackElo "1894"]
[BlackRD "144"]
[GameID "190385"]

1. d4 d5 2. c4 e6 3. Nc3 Nf6 4. Nf3 Be7 5. Bg5 h6 6. Bh4 O-O 7. e3 Nbd7 8. g3 g5 9. Bxg5 hxg5 10. Nxg5 Nh7
11. Nxh7 Kxh7 12. cxd5 exd5 13. Nxd5 Nf6 14. Nf4 Bb4+
0-1

[Event "Just Another Plain Tournament # 9"]
[Site "SchemingMind.com"]
[Date "2009.02.03"]
[Round "-"]
[White "Girkassa"]
[Black "palszab"]
[Result "1-0"]
[WhiteCountry "NOR"]
[BlackCountry "HUN"]
[WhiteElo "2205"]
[WhiteRD "117"]
[BlackElo "1875"]
[BlackRD "129"]
[GameID "190386"]

1. d4 d5 2. c4 e6 3. Nc3 Nf6 4. cxd5 exd5 5. Bg5 Nbd7 6. e3 Be7 7. Bd3 O-O 8. Qc2 h6 9. Bh4 c6 10. Nge2 a5
11. O-O Nh5 12. Bxe7 Qxe7 13. Rae1 Ndf6 14. Nd1 Ne4 15. f3 Ng5 16. g4 Nf6 17. Ng3 Re8 18. h4 Ngh7 19. Re2 Qd6 20. Rg2 b6
21. Nf5 Bxf5 22. Bxf5 c5 23. g5 hxg5 24. hxg5 Ne4 25. fxe4 dxe4 26. Bxe4 g6 27. Bxa8 Rxa8 28. Qf2 Ra7 29. Nc3 Re7 30. Rg4 cxd4
31. exd4 Qe6 32. Re4 Qd7 33. Qe3 Rxe4 34. Nxe4 Qg4+ 35. Kf2 Qf5+ 36. Ke1 Qb5 37. Rf2 Qb4+ 38. Kd1 Qa4+ 39. b3 Qc6 40. Nf6+ Nxf6
41. gxf6 Qh1+ 42. Kd2 a4 43. Qe8+ Kh7 44. Qxf7+ Kh6 45. Qg7+ Kg5 46. f7 Qe4 47. f8=Q b5 48. Qh6+ Kg4 49. Qf6 axb3 50. Qhh4#
1-0

[Event "Just Another Plain Tournament # 9"]
[Site "SchemingMind.com"]
[Date "2009.02.03"]
[Round "-"]
[White "svishyn"]
[Black "palszab"]
[Result "0-1"]
[WhiteCountry "IND"]
[BlackCountry "HUN"]
[WhiteElo "1446"]
[WhiteRD "133"]
[BlackElo "1823"]
[BlackRD "112"]
[GameID "190387"]

1. d4 d5 2. Nf3 Nf6 3. Bg5 e6 4. Nc3 h6 5. Bh4 c5 6. e3 cxd4 7. Nxd4 Be7 8. Qd3 O-O 9. O-O-O a6 10. Bxf6 Bxf6
11. f4 b5 12. h3 Qc7 13. g4 Nc6 14. h4 b4 15. Na4 Bd7 16. Nxc6 Bxc6 17. Qb3 d4 18. Rg1 dxe3 19. g5 Qxf4 20. Be2 hxg5
21. hxg5 Bxg5 22. Rg4 Qe5 23. Rxb4 Rab8 24. Nc3 Bf3 25. Qc4 Rxb4 26. Qxb4 Bxe2 27. Nxe2 Rb8 28. Qc3 Qxc3 29. bxc3 f5 30. Rg1 Bh6
31. Rd1 f4 32. Rd6 f3 33. Ng3 e2+
0-1

[Event "Just Another Plain Tournament # 9"]
[Site "SchemingMind.com"]
[Date "2009.02.03"]
[Round "-"]
[White "johnd"]
[Black "Norsland"]
[Result "1-0"]
[WhiteCountry "IRL"]
[BlackCountry "USA"]
[WhiteElo "2070"]
[WhiteRD "99"]
[BlackElo "1929"]
[BlackRD "76"]
[GameID "190390"]

1. e4 c5 2. Nc3 Nc6 3. g3 Nf6 4. Bg2 d6 5. Nge2 e6 6. O-O Be7 7. d3 O-O 8. h3 Rb8 9. f4 d5 10. g4 d4
11. Nb1 e5 12. Nd2 Qc7 13. Qe1 b5 14. Nf3 Nxg4 15. hxg4 Bxg4 16. Qg3 Bxf3 17. Rxf3 Rb6 18. fxe5 Nxe5 19. Rf5 Re6 20. Rh5 Bd6
21. Bf4 Rg6 22. Rg5 Rxg5 23. Qxg5 Ng6 24. Rf1 Rb8 25. Bg3 Rb6 26. Nf4 h6 27. Qf5 Nxf4 28. Bxf4 Bxf4 29. Qxf4 Qxf4 30. Rxf4 g6
31. c3 dxc3 32. bxc3 a5 33. e5 Re6 34. d4
1-0

[Event "Just Another Plain Tournament # 9"]
[Site "SchemingMind.com"]
[Date "2009.02.03"]
[Round "-"]
[White "johnd"]
[Black "agentofchaos"]
[Result "1-0"]
[WhiteCountry "IRL"]
[BlackCountry "AUS"]
[WhiteElo "2028"]
[WhiteRD "109"]
[BlackElo "1267"]
[BlackRD "123"]
[GameID "190391"]

1. e4 e5 2. Nf3 Nc6 3. Bb5 a6 4. Bxc6 dxc6 5. Nc3 f6 6. d4 Bd6 7. dxe5 fxe5 8. Nxe5 Bxe5 9. Qh5+ Kf8 10. Qxe5 Nf6
11. Be3 h6 12. Rd1 Qe7 13. Bc5 Nd7 14. Qxe7+
1-0

[Event "Just Another Plain Tournament # 9"]
[Site "SchemingMind.com"]
[Date "2009.02.04"]
[Round "-"]
[White "johnd"]
[Black "William Anthony"]
[Result "1-0"]
[WhiteCountry "IRL"]
[BlackCountry "USA"]
[WhiteElo "2070"]
[WhiteRD "99"]
[BlackElo "1440"]
[BlackRD "89"]
[GameID "190392"]

1. e4 Nf6 2. e5 Nd5 3. d4 d6 4. Nf3 g6 5. Be2 Bg7 6. c4 Nb6 7. O-O O-O 8. exd6 cxd6 9. a4 Nc6 10. a5 Nd7
11. Nc3
1-0

[Event "Just Another Plain Tournament # 9"]
[Site "SchemingMind.com"]
[Date "2009.02.03"]
[Round "-"]
[White "johnd"]
[Black "palszab"]
[Result "1-0"]
[WhiteCountry "IRL"]
[BlackCountry "HUN"]
[WhiteElo "2070"]
[WhiteRD "99"]
[BlackElo "1823"]
[BlackRD "112"]
[GameID "190393"]

1. d4 d5 2. Nf3 Nf6 3. e3 e6 4. Bd3 c5 5. c3 Nc6 6. Nbd2 c4 7. Bc2 Bd6 8. O-O O-O 9. e4 Nd7 10. Re1 b5
11. e5 Be7 12. Re3 f6 13. exf6 Rxf6 14. Qe2 Nf8 15. Nf1 Bd6 16. Ne5 Qc7 17. Rg3 Nxe5 18. dxe5 Bxe5 19. Rg4 Bf4 20. Bxf4 Rxf4
21. Ne3 Rxg4 22. Nxg4 Qf4 23. Ne5 Qg5 24. f4 Qxf4 25. Rf1 Qg5 26. Nf7 Qe7 27. Qg4 e5 28. Qg3 g6 29. Nh6+ Kh8 30. Rf7 Qc5+
31. Kh1 e4 32. Qe5#
1-0

[Event "Just Another Plain Tournament # 9"]
[Site "SchemingMind.com"]
[Date "2009.02.02"]
[Round "-"]
[White "johnd"]
[Black "Girkassa"]
[Result "0-1"]
[WhiteCountry "IRL"]
[BlackCountry "NOR"]
[WhiteElo "2070"]
[WhiteRD "99"]
[BlackElo "2239"]
[BlackRD "113"]
[GameID "190394"]

1. d4 Nf6 2. Nf3 e6 3. e3 b6 4. Bd3 Bb7 5. O-O d5 6. Nbd2 Bd6 7. Ne5 O-O 8. f4 c5 9. c3 Ne4 10. Rf3 f6
11. Ng4 f5 12. Ne5 Nd7 13. Rh3 Ndf6 14. a4 a5 15. Nxe4 dxe4 16. Bc4 Bd5 17. Be2 Ra7 18. b3 Qb8 19. Bc4 Bxe5 20. fxe5 Bxc4
21. bxc4 Ng4 22. Rg3 Qd8 23. Qe1 h5 24. Ba3 g5 25. dxc5 Rff7 26. cxb6 Qxb6 27. Rb1 Qc7 28. Bd6 Qxc4 29. Rb8+ Kg7 30. h3 Rab7
31. hxg4 hxg4 32. Qf2 Rxb8 33. Bxb8 Qxa4 34. Bd6 Qa1+ 35. Kh2 Kg6
0-1

[Event "Just Another Plain Tournament # 9"]
[Site "SchemingMind.com"]
[Date "2009.02.03"]
[Round "-"]
[White "johnd"]
[Black "svishyn"]
[Result "1-0"]
[WhiteCountry "IRL"]
[BlackCountry "IND"]
[WhiteElo "2070"]
[WhiteRD "99"]
[BlackElo "1446"]
[BlackRD "133"]
[GameID "190395"]

1. e4 c5 2. f4 Nc6 3. Nf3 e6 4. Be2 Nge7 5. O-O d5 6. d3 Nd4 7. Nbd2 Nec6 8. Nxd4 cxd4 9. Qe1 Be7 10. Nf3 O-O
11. e5 f6 12. Qg3 f5 13. a3
1-0